Normal view
MARC view
Entry Personal Name
001 - CONTROL NUMBER
- control field: 2100
003 - CONTROL NUMBER IDENTIFIER
- control field: OSt
005 - DATE AND TIME OF LATEST TRANSACTION
- control field: 20220106142000.0
008 - FIXED-LENGTH DATA ELEMENTS
- fixed length control field: 220106|| aca||aabn | a|a d
040 ## - CATALOGING SOURCE
- Original cataloging agency: OSt
- Transcribing agency: OSt
100 ## - HEADING--PERSONAL NAME
- Personal name: Deitel, H.M Deitel, P.J. etal
670 ## - SOURCE DATA FOUND
- Source citation: Work cat.: (OSt): Deitel, H.M Deitel, P.J. etal. , XML how to program